| 000 | 00544cam a22001934a 4500 | ||
|---|---|---|---|
| 020 | _a0787962236 (alk. paper) | ||
| 040 | _cDLC | ||
| 082 | 0 | 0 | _a302 JOS 2004 A011 Or. |
| 245 | 0 | 4 | _aThe dark side of organizational behavior / |
| 250 | _a1st ed | ||
| 260 |
_aSan Francisco : _bJossey-Bass, _cc2004 |
||
| 300 |
_axxvi, 515 p. : _bill. ; _c24 cm |
||
| 490 | 1 | _aThe organizational frontiers series | |
| 650 | 0 | _aQuality of work life | |
| 650 | 0 | _aWork environment | |
| 700 | 1 | _aGriffin, Ricky W | |
| 700 | 1 | _aO'Leary-Kelly, Anne | |
| 942 | _cEK | ||
| 999 |
_c13414 _d13414 |
||